Hacia la consolidación de la paz /

Shranjeno v:
Bibliografske podrobnosti
Autores Corporativos: Empresarios de la Microempresa de la Región Central de América, Comité Coordinador, COCEMI
Format: Texto
Izdano: San José: DIE
Oznake: Označite
Brez oznak, prvi označite!

MARC

LEADER 00000 a a2200000 04500
001 23550
003
040
090 |a 164700  
110 |a Empresarios de la Microempresa de la Región Central de América, Comité Coordinador  
245 |a Hacia la consolidación de la paz /  |c Empresarios de la Microempresa de la Región Central de América, Comité Coordinador  
260 |a San José:   |b DIE  
300 |a 172 p  
710 |a COCEMI  
999 |c 9854  |d 9854